[Event "POL-chT3 Dolnoslaskie 1617"]
[Site "Poland"]
[Date "2016.11.27"]
[Round "3.9"]
[White "Klepacki, Sebastian"]
[Black "Szydelko, Kazimierz"]
[Result "0-1"]
[WhiteElo "1499"]
[BlackElo "1704"]
[PlyCount "54"]
[EventDate "2016.10.16"]
[EventType "team-tourn"]
[EventRounds "11"]
[EventCountry "POL"]
[SourceTitle "EXT 2018"]
[Source "ChessBase"]
[SourceDate "2017.10.13"]
[SourceVersion "1"]
[SourceVersionDate "2017.10.13"]
[SourceQuality "1"]

1. Nf3 d5 2. d4 Nf6 3. e3 c5 4. Bb5+ Nc6 5. Ne5 Bd7 6. Nxd7 Qxd7 7. 0-0 e6 8. c3 a6 9. Be2 Bd6 10. dxc5 Bxc5 11. b4 Bd6 12. Bb2 0-0 13. a3 Rac8 14. c4 dxc4 15. Bxf6 gxf6 16. Nc3 Rfd8 17. f4 Qe7 18. Bxc4 Nxb4 19. Qg4+ Kh8 20. f5 Nc2 21. fxe6 Nxe3 22. Qh5 Rxc4 23. Rf3 Rxc3 24. exf7 Nd1 25. Qh4 Rxf3 26. gxf3 Qe3+ 27. Kg2 Qe2+ 0-1

[Event "POL-chT3 Dolnoslaskie 1617"]
[Site "Poland"]
[Date "2016.10.16"]
[Round "1.5"]
[White "Klepacki, Sebastian"]
[Black "Babijczuk, Wojciech"]
[Result "1/2-1/2"]
[WhiteElo "1499"]
[BlackElo "1690"]
[PlyCount "118"]
[EventDate "2016.10.16"]
[EventType "team-tourn"]
[EventRounds "11"]
[EventCountry "POL"]
[SourceTitle "EXT 2018"]
[Source "ChessBase"]
[SourceDate "2017.10.13"]
[SourceVersion "1"]
[SourceVersionDate "2017.10.13"]
[SourceQuality "1"]

1. Nf3 d6 2. d4 g6 3. e3 Bg7 4. Be2 Nf6 5. 0-0 0-0 6. c3 Nbd7 7. Nbd2 a6 8. b3 b5 9. Bb2 Bb7 10. c4 bxc4 11. Nxc4 Rc8 12. Na5 Bxf3 13. Bxf3 c5 14. Nc6 Qe8 15. d5 Nb6 16. e4 e5 17. Rc1 Nfd7 18. Re1 Nb8 19. Nxb8 Rxb8 20. Qd2 f5 21. Ba3 fxe4 22. Bg4 Rf4 23. Be6+ Kh8 24. g3 Rf3 25. Rxe4 Qf8 26. Rf1 c4 27. Bc1 Rd3 28. Qe2 Nxd5 29. Rxc4 Rd4 30. Bxd5 Rxd5 31. Rc7 Rc8 32. Rxc8 Qxc8 33. Be3 Rb5 34. Rc1 Qb7 35. Qg4 Bf8 36. Rc8 Kg7 37. h4 Rd5 38. Rd8 Be7 39. Rd7 Rd1+ 40. Qxd1 Qxd7 41. Qd2 d5 42. Bh6+ Kf7 43. Qe2 Qe6 44. h5 g5 45. Qf3+ Kg8 46. Qd3 d4 47. Qe4 Qxh6 48. Qxe5 Qf6 49. Qd5+ Kg7 50. Qe4 Bc5 51. Qb7+ Qe7 52. Qd5 a5 53. a3 h6 54. b4 axb4 55. axb4 Qe1+ 56. Kg2 Qxb4 57. Qe5+ Kf7 58. Qf5+ Ke7 59. Qh7+ Kd8 1/2-1/2

[Event "Polanica Zdroj op-C 52nd"]
[Site "Polanica Zdroj"]
[Date "2016.08.20"]
[Round "1"]
[White "Adamczewski, Jedrzej"]
[Black "Klepacki, Sebastian"]
[Result "1-0"]
[WhiteElo "1914"]
[BlackElo "1517"]
[PlyCount "59"]
[EventDate "2016.08.20"]
[EventType "swiss"]
[EventRounds "9"]
[EventCountry "POL"]
[SourceTitle "CBM 174 Extra"]
[Source "ChessBase"]
[SourceDate "2016.10.10"]
[SourceVersion "1"]
[SourceVersionDate "2016.10.10"]
[SourceQuality "1"]

1. e4 c6 2. d4 d5 3. exd5 cxd5 4. Bd3 Nc6 5. c3 Nf6 6. h3 e5 7. dxe5 Nxe5 8. Nf3 Nxd3+ 9. Qxd3 Be7 10. 0-0 0-0 11. Nbd2 a5 12. Re1 b6 13. Nd4 Bb7 14. Nf5 Bd6 15. Nf1 Ne4 16. Rxe4 dxe4 17. Qxd6 Qe8 18. Qg3 g6 19. Bh6 Qb8 20. Bxf8 Qxf8 21. Rd1 Qc5 22. Nh6+ Kg7 23. Nxf7 Kxf7 24. Rd7+ Ke6 25. Rxb7 Rf8 26. Ne3 a4 27. Rxh7 Rf6 28. Qb8 Rf7 29. Qe8+ Qe7 30. Qc6+ 1-0

[Event "Polanica Zdroj op-D 49th"]
[Site "Polanica Zdroj"]
[Date "2013.08.25"]
[Round "9"]
[White "Szydelko, Kazimierz"]
[Black "Klepacki, Sebastian"]
[Result "0-1"]
[WhiteElo "1817"]
[BlackElo "1477"]
[PlyCount "91"]
[EventDate "2013.08.17"]
[EventType "swiss"]
[EventRounds "9"]
[EventCountry "POL"]
[SourceTitle "EXT 2014"]
[Source "ChessBase"]
[SourceDate "2013.11.20"]
[SourceVersion "1"]
[SourceVersionDate "2013.11.20"]
[SourceQuality "1"]

1. d4 d5 2. c4 e6 3. Nc3 Nf6 4. Nf3 Be7 5. Bf4 c6 6. g3 Nbd7 7. Bg2 Nh5 8. Ne5 Nxf4 9. gxf4 Nxe5 10. fxe5 0-0 11. 0-0 f5 12. f4 g5 13. e3 Kh8 14. c5 Rg8 15. b4 a6 16. a4 Bd7 17. Qe2 g4 18. b5 a5 19. b6 Qe8 20. Kh1 Rg6 21. Rg1 Rh6 22. Bf1 Qh5 23. Ra2 Rg8 24. Rb2 Rhg6 25. Nb1 Qh4 26. Nd2 g3 27. Nf3 Qh6 28. h3 R6g7 29. Bg2 Be8 30. Qf1 Bh5 31. Nd2 Bg4 32. Nb3 Bxh3 33. Bxh3 g2+ 34. Rgxg2 Qxh3+ 35. Kg1 Rxg2+ 36. Rxg2 Rxg2+ 37. Qxg2 Qxe3+ 38. Kh2 Qxb3 39. Qe2 Qxa4 40. Qh5 Qc2+ 41. Kg1 Qc1+ 42. Kg2 Qd2+ 43. Kh1 Qe1+ 44. Kg2 Qe4+ 45. Kg3 Bh4+ 46. Kh3 0-1

[Event "Polanica Zdroj op-D 48th"]
[Site "Polanica Zdroj"]
[Date "2012.08.25"]
[Round "8"]
[White "Waclawik, Joanna"]
[Black "Klepacki, Sebastian"]
[Result "1-0"]
[WhiteElo "1377"]
[BlackElo "1533"]
[PlyCount "65"]
[EventDate "2012.08.18"]
[EventType "swiss"]
[EventRounds "9"]
[EventCountry "POL"]
[SourceTitle "EXT 2014"]
[Source "ChessBase"]
[SourceDate "2013.11.20"]
[SourceVersion "1"]
[SourceVersionDate "2013.11.20"]
[SourceQuality "1"]

1. e4 c6 2. d4 d5 3. exd5 cxd5 4. Nf3 g6 5. c3 Bg7 6. h3 a6 7. Bd3 Nf6 8. 0-0 0-0 9. Bf4 Nc6 10. Nbd2 Nh5 11. Bh2 f5 12. Nb3 f4 13. g4 fxg3 14. Bxg3 Bxh3 15. Re1 Bh6 16. Nc5 Qc8 17. Be2 Bf4 18. Kh2 b6 19. Nd3 Bxg3+ 20. fxg3 Qg4 21. Rg1 Qc8 22. Ng5 Bf5 23. Bxh5 Bxd3 24. Qxd3 Rf5 25. Bg4 Rf2+ 26. Kh3 Qf8 27. Be6+ Kg7 28. Bxd5 Qf6 29. Ne6+ Kh8 30. Rgf1 Rc8 31. Rxf2 Qxf2 32. Qf3 Qd2 33. Bxc6 1-0

[Event "Polanica Zdroj op-D 48th"]
[Site "Polanica Zdroj"]
[Date "2012.08.21"]
[Round "4"]
[White "Strzelecki, Maciej"]
[Black "Klepacki, Sebastian"]
[Result "1-0"]
[WhiteElo "1328"]
[BlackElo "1533"]
[PlyCount "67"]
[EventDate "2012.08.18"]
[EventType "swiss"]
[EventRounds "9"]
[EventCountry "POL"]
[SourceTitle "EXT 2014"]
[Source "ChessBase"]
[SourceDate "2013.11.20"]
[SourceVersion "1"]
[SourceVersionDate "2013.11.20"]
[SourceQuality "1"]

1. e4 c6 2. d4 d5 3. Nc3 dxe4 4. Nxe4 Nf6 5. Nxf6+ exf6 6. Nf3 Be6 7. Bd3 Nd7 8. 0-0 Nb6 9. Re1 Be7 10. Bd2 h5 11. a4 a5 12. Bg6 Qd7 13. Qe2 Bd5 14. Be4 Kf8 15. h3 Be6 16. Be3 Nc4 17. b3 Nd6 18. Bf4 Nxe4 19. Qxe4 Bf5 20. Qe2 g5 21. Bh2 g4 22. Nh4 Be6 23. hxg4 hxg4 24. g3 Kg7 25. Rad1 Bb4 26. Rf1 Rad8 27. Qd3 Be7 28. c4 Rh5 29. Qe4 Bb4 30. Qf4 Bd6 31. Qd2 Bb4 32. Qf4 b5 33. axb5 cxb5 34. d5 1-0

[Event "Polanica Zdroj op-D 48th"]
[Site "Polanica Zdroj"]
[Date "2012.08.20"]
[Round "3"]
[White "Klepacki, Sebastian"]
[Black "Dzieczkaniec, Wieslaw"]
[Result "0-1"]
[WhiteElo "1533"]
[BlackElo "1926"]
[PlyCount "74"]
[EventDate "2012.08.18"]
[EventType "swiss"]
[EventRounds "9"]
[EventCountry "POL"]
[SourceTitle "EXT 2014"]
[Source "ChessBase"]
[SourceDate "2013.11.20"]
[SourceVersion "1"]
[SourceVersionDate "2013.11.20"]
[SourceQuality "1"]

1. d4 e6 2. Nf3 d5 3. e3 Nf6 4. Bd3 c5 5. c3 Nc6 6. a3 a6 7. b4 c4 8. Bc2 Ne4 9. Bb2 b5 10. Nbd2 f5 11. a4 Bb7 12. h4 Bd6 13. Ke2 Qf6 14. Rg1 0-0 15. g4 fxg4 16. Bxe4 dxe4 17. Rxg4 exf3+ 18. Ke1 Ne7 19. e4 Bf4 20. axb5 axb5 21. Rxa8 Bxa8 22. Qc2 Bxd2+ 23. Kxd2 h5 24. e5 Qf7 25. Rg5 Qf4+ 26. Ke1 Qxh4 27. Rg1 Qe4+ 28. Qxe4 Bxe4 29. Bc1 Ra8 30. Rg5 g6 31. Kd1 Ra2 32. Be3 Nd5 33. Bd2 Ra1+ 34. Bc1 Nxc3+ 35. Kd2 Nd5 36. Rg1 c3+ 37. Kd1 Nxb4 0-1

[Event "Polanica Zdroj op-D 48th"]
[Site "Polanica Zdroj"]
[Date "2012.08.18"]
[Round "1"]
[White "Klepacki, Sebastian"]
[Black "Mucha, Piotr"]
[Result "0-1"]
[WhiteElo "1533"]
[BlackElo "1965"]
[PlyCount "32"]
[EventDate "2012.08.18"]
[EventType "swiss"]
[EventRounds "9"]
[EventCountry "POL"]
[SourceTitle "EXT 2014"]
[Source "ChessBase"]
[SourceDate "2013.11.20"]
[SourceVersion "1"]
[SourceVersionDate "2013.11.20"]
[SourceQuality "1"]

1. c4 Nf6 2. Nc3 g6 3. Nf3 Bg7 4. e4 d6 5. Be2 0-0 6. 0-0 e5 7. d3 c5 8. Bg5 Be6 9. Qd2 Nc6 10. Rab1 Qd7 11. Nd5 Ne8 12. a3 f5 13. b4 f4 14. b5 Bxd5 15. bxc6 Bxc6 16. d4 cxd4 0-1

[Event "Polanica Zdroj op-D 47th"]
[Site "Polanica Zdroj"]
[Date "2011.08.26"]
[Round "7"]
[White "Karykowski, Dominik"]
[Black "Klepacki, Sebastian"]
[Result "1-0"]
[WhiteElo "1409"]
[BlackElo "1703"]
[PlyCount "82"]
[EventDate "2011.08.20"]
[EventType "swiss"]
[EventRounds "9"]
[EventCountry "POL"]
[SourceTitle "EXT 2014"]
[Source "ChessBase"]
[SourceDate "2013.11.20"]
[SourceVersion "1"]
[SourceVersionDate "2013.11.20"]
[SourceQuality "1"]

1. e4 e6 2. Nf3 Be7 3. Nc3 b6 4. d4 Bb7 5. Bd3 Nf6 6. 0-0 0-0 7. h3 d5 8. e5 Ne8 9. Bf4 c5 10. dxc5 bxc5 11. Na4 c4 12. Be2 Nc6 13. b3 cxb3 14. cxb3 f6 15. Rc1 fxe5 16. Bxe5 Nxe5 17. Nxe5 Bd6 18. f4 Nf6 19. Bg4 Nxg4 20. Qxg4 Qe8 21. Rf3 Rf5 22. Rg3 Qf8 23. Nd7 Qf7 24. Ndc5 Bxf4 25. Rf1 Bxg3 26. Rxf5 exf5 27. Qxg3 Bc6 28. Qd6 Bxa4 29. Nxa4 Re8 30. Nc3 Qe6 31. Qxe6+ Rxe6 32. Nxd5 Rd6 33. Ne7+ Kf7 34. Nxf5 Rd2 35. a4 Rd3 36. b4 g6 37. Nh4 Rd4 38. Nf3 Rxb4 39. Ne5+ Ke6 40. Nd3 Kf6 41. Nxb4 Ke5 1-0

[Event "Polanica Zdroj op-D 47th"]
[Site "Polanica Zdroj"]
[Date "2011.08.24"]
[Round "5"]
[White "Lukasiewicz, Aleksander"]
[Black "Klepacki, Sebastian"]
[Result "1-0"]
[WhiteElo "1901"]
[BlackElo "1703"]
[PlyCount "47"]
[EventDate "2011.08.20"]
[EventType "swiss"]
[EventRounds "9"]
[EventCountry "POL"]
[SourceTitle "EXT 2014"]
[Source "ChessBase"]
[SourceDate "2013.11.20"]
[SourceVersion "1"]
[SourceVersionDate "2013.11.20"]
[SourceQuality "1"]

1. e4 e6 2. d4 d5 3. Nc3 dxe4 4. Nxe4 c6 5. Nf3 Nd7 6. Bd3 Be7 7. Bf4 Ndf6 8. Neg5 h6 9. Nxf7 Kxf7 10. Ne5+ Ke8 11. Bg6+ Kf8 12. Nf7 Qb6 13. Nxh8 Nd5 14. Be5 Qb4+ 15. c3 Qxb2 16. 0-0 Nxc3 17. Qf3+ Nf6 18. Bh5 Kg8 19. Ng6 Bd8 20. d5 Nxh5 21. Qxh5 Ne2+ 22. Kh1 Qd2 23. Qf3 Kh7 24. Qf7 1-0